LEADER 02235nam 2200601 a 450 001 9910462055403321 005 20200520144314.0 010 $a1-283-95413-3 010 $a1-78042-976-2 035 $a(CKB)2670000000209866 035 $a(EBL)915165 035 $a(OCoLC)793996020 035 $a(SSID)ssj0000662130 035 $a(PQKBManifestationID)12235063 035 $a(PQKBTitleCode)TC0000662130 035 $a(PQKBWorkID)10721115 035 $a(PQKB)11667200 035 $a(MiAaPQ)EBC915165 035 $a(Au-PeEL)EBL915165 035 $a(CaPaEBR)ebr10649888 035 $a(CaONFJC)MIL426663 035 $a(EXLCZ)992670000000209866 100 $a20130209d2012 uy 0 101 0 $aeng 135 $aur|n|---||||| 181 $ctxt 182 $cc 183 $acr 200 10$a[Temptis]$b[electronic resource] $iErotic fantasy /$fHans-Ju?rgen Do?pp ; [translators, Philip Jenkins ... [et al.]] 210 $aNew York $cParkstone Press International$d[2012] 215 $a1 online resource (256 p.) 225 1 $aTemporis 300 $aIncludes index. 311 $a1-85995-061-2 320 $aIncludes bibliographical references and index. 327 $aContents; Introduction; The Erotic Orient; In Praise of the Backside; Feet-Ishism; Sapphic Art; Objects of Desire; Sadomasochism; Ecstasy; The Kiss; Priapus; The Manipulated Breasts; Notes; Index 330 $aNumerous and diverse points of view come together in this work, demonstrating the multiple aspects that sexuality can present. If nothing is more natural than sexual desire, it is nothing less than the forms by which this desire is expressed and found to satisfy. This book invites you on a special journey, into the universe of emotion, of pleasure and desire. 410 0$aTemporis 606 $aErotic art 606 $aSexual fantasies 608 $aElectronic books. 615 0$aErotic art. 615 0$aSexual fantasies. 676 $a363.47 700 $aDo?pp$b Hans-Ju?rgen$0872898 701 $aJenkins$b Philip$0249423 801 0$bMiAaPQ 801 1$bMiAaPQ 801 2$bMiAaPQ 906 $aBOOK 912 $a9910462055403321 996 $aTemptis$91988502 997 $aUNINA LEADER 01354nam 2200325 n 450 001 996390246603316 005 20221108061552.0 035 $a(CKB)1000000000654630 035 $a(EEBO)2240884162 035 $a(UnM)99856329 035 $a(EXLCZ)991000000000654630 100 $a19921001d1612 uy | 101 0 $alat 135 $aurbn||||a|bb| 200 10$aLuctus posthumus siue Erga defunctum illustrissimum Henricum Wallię Principem, Collegij Beatę Marię Magdalenę apud Oxonienses Mecęnatem longe? indulgentissimum, Magdalenensium officiosa pietas$b[electronic resource] 210 $aOxonię $cExcudebat Josephus Barnesius$d1612 215 $a[2], 62, [8] p 300 $aIn verse, mostly Latin. 300 $aThe last four leaves contain a funeral oration by Accepted Frewen. 300 $aReproduction of the original in the Henry E. Huntington Library and Art Gallery. 330 $aeebo-0113 701 $aFrewen$b Accepted$f1588-1664.$01001860 801 0$bCu-RivES 801 1$bCu-RivES 801 2$bCStRLIN 801 2$bWaOLN 906 $aBOOK 912 $a996390246603316 996 $aLuctus posthumus siue Erga defunctum illustrissimum Henricum Wallię Principem, Collegij Beatę Marię Magdalenę apud Oxonienses Mecęnatem longe? indulgentissimum, Magdalenensium officiosa pietas$92304777 997 $aUNISA LEADER 03118nam 22007095 450 001 9910863295803321 005 20251113192709.0 010 $a9789811577826 010 $a981157782X 024 7 $a10.1007/978-981-15-7782-6 035 $a(CKB)4100000011469465 035 $a(MiAaPQ)EBC6355538 035 $a(DE-He213)978-981-15-7782-6 035 $a(MiAaPQ)EBC6355481 035 $a(EXLCZ)994100000011469465 100 $a20200921d2020 u| 0 101 0 $aeng 135 $aurnn|008mamaa 181 $ctxt$2rdacontent 182 $cc$2rdamedia 183 $acr$2rdacarrier 200 10$aCoronavirus Outbreak and the Great Lockdown $eImpact on Oil Prices and Major Stock Markets Across the Globe /$fby Bhaskar Bagchi, Susmita Chatterjee, Raktim Ghosh, Dhrubaranjan Dandapat 205 $a1st ed. 2020. 210 1$aSingapore :$cSpringer Nature Singapore :$cImprint: Springer,$d2020. 215 $a1 online resource (XVIII, 112 p. 29 illus., 28 illus. in color.) 225 1 $aSpringerBriefs in Economics,$x2191-5512 311 08$a9789811577819 311 08$a9811577811 327 $aIntroduction -- Pandemics and Economic Crisis -- Impact of COVID-19 on Global Economy -- Plummeting Oil Prices and Oil Demand -- Major Stock Markets of the World: An Overview -- Literature Review -- Objectives and Methodology of the Study -- Analysis and Findings -- Conclusion. 330 $aThis book captures the dynamic relationship between COVID-19 pandemic, crude oil prices and major stock indices as well as the crude oil prices and stock market volatility that have been caused due to outbreak of this pandemic. The pandemic has changed the world melodramatically and major world markets collapsed in the beginning, affecting major industries in an unprecedented way. The book will be useful to the researcher in the field of finance and economics, and policy makers both at government and private level, keeping in view the present state of economy throughout the world. 410 0$aSpringerBriefs in Economics,$x2191-5512 606 $aFinance 606 $aInternational trade 606 $aInternational finance 606 $aInternational economic integration 606 $aGlobalization 606 $aEconometrics 606 $aFinancial Economics 606 $aInternational Trade 606 $aInternational Finance 606 $aEconomic Aspects of Globalization 606 $aEconometrics 615 0$aFinance. 615 0$aInternational trade. 615 0$aInternational finance. 615 0$aInternational economic integration. 615 0$aGlobalization. 615 0$aEconometrics. 615 14$aFinancial Economics. 615 24$aInternational Trade. 615 24$aInternational Finance. 615 24$aEconomic Aspects of Globalization. 615 24$aEconometrics. 676 $a332.642 700 $aBagchi$b Bhaskar$0856376 801 0$bMiAaPQ 801 1$bMiAaPQ 801 2$bMiAaPQ 906 $aBOOK 912 $a9910863295803321 996 $aCoronavirus outbreak and the great lockdown$91912495 997 $aUNINA